[Event "Gorodets op"]
[Site "Gorodets"]
[Date "2014.08.10"]
[Round "8"]
[White "Chubarov, Yuri"]
[Black "Senin, Sergey"]
[Result "1/2-1/2"]
[WhiteElo "2064"]
[BlackElo "2129"]
[PlyCount "115"]
[EventDate "2014.08.06"]
[EventType "swiss"]
[EventRounds "9"]
[EventCountry "RUS"]
[SourceTitle "EXT 2016"]
[Source "ChessBase"]
[SourceDate "2015.10.08"]
[SourceVersion "1"]
[SourceVersionDate "2015.10.08"]
[SourceQuality "1"]

1. e4 c5 2. Nf3 d6 3. Bb5+ Nd7 4. 0-0 a6 5. Be2 e6 6. c3 Ngf6 7. Qc2 Qc7 8. d4 cxd4 9. Nxd4 Be7 10. Bg5 0-0 11. Nd2 Re8 12. Kh1 b6 13. f4 Bb7 14. Bf3 Rac8 15. Rae1 e5 16. Nf5 Bf8 17. fxe5 dxe5 18. Ne3 Be7 19. Nf5 Bd8 20. Rd1 g6 21. Nh6+ Kg7 22. h4 Rf8 23. Rf2 Ng8 24. Nxg8 Rxg8 25. Bg4 Bxg5 26. hxg5 Rcd8 27. Rdf1 Rgf8 28. Qb3 Nc5 29. Qc4 Bc8 30. Bxc8 Rxc8 31. Nf3 Ne6 32. Qxa6 Ra8 33. Qb5 Rxa2 34. Qxe5+ Qxe5 35. Nxe5 Nxg5 36. Nd7 Re8 37. e5 Re7 38. Nxb6 Rxe5 39. Nc4 Re4 40. Na3 f5 41. Rc1 Re3 42. Kg1 Ne4 43. Rfc2 Nc5 44. Nc4 Re4 45. Nd2 Re2 46. Kf1 Re8 47. b4 Rxc2 48. Rxc2 Nd3 49. Nf3 Rc8 50. Nd4 Rc4 51. Ke2 Nxb4 52. cxb4 Rxd4 53. Rb2 Rd8 54. b5 Kf6 55. b6 Ke5 56. Kf3 g5 57. Rb5+ Ke6 58. g4 1/2-1/2

[Event "Gorodets op"]
[Site "Gorodets"]
[Date "2014.08.08"]
[Round "4"]
[White "Sarycheva, Anastasia"]
[Black "Senin, Sergey"]
[Result "1-0"]
[WhiteElo "1903"]
[BlackElo "2129"]
[PlyCount "89"]
[EventDate "2014.08.06"]
[EventType "swiss"]
[EventRounds "9"]
[EventCountry "RUS"]
[SourceTitle "EXT 2016"]
[Source "ChessBase"]
[SourceDate "2015.10.08"]
[SourceVersion "1"]
[SourceVersionDate "2015.10.08"]
[SourceQuality "1"]

1. e4 c5 2. Nf3 e6 3. c3 d6 4. d4 Nd7 5. Bd3 Qc7 6. 0-0 a6 7. a4 b6 8. Bf4 e5 9. Bg3 Be7 10. Nbd2 Bf6 11. Nc4 Nh6 12. Ne3 Bb7 13. Qc2 0-0 14. Nd5 Bxd5 15. exd5 exd4 16. Bxh7+ Kh8 17. cxd4 Rfc8 18. Rac1 Nf8 19. Bf5 Rd8 20. dxc5 bxc5 21. b4 c4 22. Bd3 c3 23. Bh4 Bxh4 24. Nxh4 Qe7 25. Nf3 Rdc8 26. Nd4 Nd7 27. Nc6 Qh4 28. Qxc3 Ne5 29. Be2 Re8 30. Nxe5 Rxe5 31. Qc4 Re4 32. Qc6 Rxe2 33. Qxa8+ Kh7 34. Qxa6 Re4 35. Qd3 f5 36. Qg3 Qf6 37. Rc6 Nf7 38. b5 Ne5 39. b6 Rxa4 40. b7 Rb4 41. Rc7 Nf7 42. Qa3 Rb5 43. Qa8 Nh6 44. b8Q Rxb8 45. Qxb8 1-0

[Event "Gorodets op"]
[Site "Gorodets"]
[Date "2014.08.08"]
[Round "5"]
[White "Senin, Sergey"]
[Black "Samuilov, Evgeny"]
[Result "1-0"]
[WhiteElo "2129"]
[BlackElo "1897"]
[PlyCount "75"]
[EventDate "2014.08.06"]
[EventType "swiss"]
[EventRounds "9"]
[EventCountry "RUS"]
[SourceTitle "EXT 2016"]
[Source "ChessBase"]
[SourceDate "2015.10.08"]
[SourceVersion "1"]
[SourceVersionDate "2015.10.08"]
[SourceQuality "1"]

1. e4 c5 2. Nf3 Nc6 3. d4 cxd4 4. Nxd4 Nf6 5. f3 e5 6. Nxc6 bxc6 7. Be3 d5 8. Be2 Qa5+ 9. c3 Be7 10. Nd2 0-0 11. Nb3 Qc7 12. Qc2 dxe4 13. fxe4 Ng4 14. Bxg4 Bxg4 15. 0-0 g6 16. h3 Be6 17. Nc5 Bxc5 18. Bxc5 Rfd8 19. b3 Rd7 20. Rad1 Rad8 21. Qc1 f5 22. Rxd7 Qxd7 23. exf5 Bxf5 24. Qg5 Re8 25. g4 Be6 26. Qh6 Bf7 27. Be3 Qd3 28. c4 g5 29. Qxg5+ Qg6 30. Qh4 Kg7 31. Bh6+ Kg8 32. Rf5 Kh8 33. Bg5 Kg7 34. Be7 h6 35. Bf6+ Kh7 36. Qf2 e4 37. Bd4 Be6 38. Rf6 1-0

[Event "Gorodets op"]
[Site "Gorodets"]
[Date "2014.08.07"]
[Round "2"]
[White "Leukhin, Pavel"]
[Black "Senin, Sergey"]
[Result "0-1"]
[WhiteElo "1936"]
[BlackElo "2129"]
[PlyCount "86"]
[EventDate "2014.08.06"]
[EventType "swiss"]
[EventRounds "9"]
[EventCountry "RUS"]
[SourceTitle "EXT 2016"]
[Source "ChessBase"]
[SourceDate "2015.10.08"]
[SourceVersion "1"]
[SourceVersionDate "2015.10.08"]
[SourceQuality "1"]

1. e4 c5 2. Bc4 e6 3. Nf3 a6 4. c3 b5 5. Bb3 Bb7 6. Bc2 d6 7. d4 Nd7 8. 0-0 Qc7 9. Bf4 e5 10. dxe5 dxe5 11. Bg3 Ngf6 12. Nbd2 Bd6 13. Qe2 0-0 14. Rad1 Rfe8 15. Nh4 g6 16. Qe3 Nh5 17. Qg5 Be7 18. Qg4 Ndf6 19. Qg5 Nd5 20. Qg4 Ndf4 21. Nf5 Bf8 22. Ne3 Rad8 23. Bh4 f6 24. g3 Bc8 25. Qf3 Nh3+ 26. Kg2 Qf7 27. Ng4 g5 28. Kxh3 gxh4 29. Kg2 Qg6 30. Ne3 Bh6 31. Nb3 Bxe3 32. Qxe3 c4 33. Nc1 Nf4+ 34. Kh1 h3 35. Rg1 Ng2 36. Qb6 Rxd1 37. Rxd1 Bg4 38. Rd8 Rxd8 39. Qxd8+ Kg7 40. Qd2 h5 41. Ne2 Bf3 42. Qd7+ Kh6 43. Qxh3 Nf4+ 0-1

[Event "Gorodets op"]
[Site "Gorodets"]
[Date "2014.08.06"]
[Round "1"]
[White "Senin, Sergey"]
[Black "Krylov, Dmitry V"]
[Result "1-0"]
[WhiteElo "2129"]
[BlackElo "1740"]
[PlyCount "61"]
[EventDate "2014.08.06"]
[EventType "swiss"]
[EventRounds "9"]
[EventCountry "RUS"]
[SourceTitle "EXT 2016"]
[Source "ChessBase"]
[SourceDate "2015.10.08"]
[SourceVersion "1"]
[SourceVersionDate "2015.10.08"]
[SourceQuality "1"]

1. e4 c5 2. Nf3 Nc6 3. c4 g6 4. d4 cxd4 5. Nxd4 Bg7 6. Be3 Nf6 7. Nc3 d6 8. Be2 0-0 9. 0-0 Bd7 10. h3 Rc8 11. Rc1 a6 12. Re1 Re8 13. Bf1 Na5 14. b3 b6 15. Qd2 Nb7 16. f3 a5 17. Qf2 Nc5 18. Red1 Rf8 19. Qh4 Ne8 20. Nd5 Bf6 21. Nxf6+ Nxf6 22. Bg5 Re8 23. Rc2 Nb7 24. Rcd2 Nh5 25. Nf5 Bxf5 26. exf5 Ng7 27. f6 Nf5 28. fxe7 Nxe7 29. Re2 Rc7 30. Rde1 Kf8 31. Qxh7 1-0

[Event "Nizhnij Novgorod Dubinin Memorial 19th"]
[Site "Nizhnij Novgorod"]
[Date "2012.01.??"]
[Round "8"]
[White "Karmanova, Marina"]
[Black "Senin, Sergey"]
[Result "1/2-1/2"]
[WhiteElo "2030"]
[BlackElo "2194"]
[PlyCount "40"]
[EventDate "2012.01.??"]
[EventType "swiss"]
[EventRounds "9"]
[EventCountry "RUS"]
[SourceTitle "EXT 2015"]
[Source "ChessBase"]
[SourceDate "2014.11.20"]
[SourceVersion "1"]
[SourceVersionDate "2014.11.20"]
[SourceQuality "1"]

1. Nf3 Nf6 2. b4 d6 3. Bb2 e5 4. d3 Be7 5. Nbd2 0-0 6. g3 a5 7. a3 axb4 8. axb4 Rxa1 9. Qxa1 Na6 10. c3 d5 11. Nxe5 d4 12. Bg2 dxc3 13. Bxc3 Bxb4 14. 0-0 Re8 15. Ndf3 Bxc3 16. Qxc3 Nd5 17. Qb2 f6 18. Nc4 c6 19. e3 Ndb4 20. d4 Be6 1/2-1/2